000 00719nam a2200289Ia 4500
005 20260324140431.0
008 008 260324s9999 xx 000 0 eng d
020 _a9781315810041
037 _aEBOOK
040 _aCRL
040 _beng
040 _cCRL
041 _2eng
041 _aeng
084 _qCRL
100 _aEllen Cole; Esther D Rothblum; Rachel J Siegel
_91204372
245 0 _aCelebrating the Lives of Jewish Women
245 0 _bPatterns in a Feminist Sampler
260 _bTaylor and Francis
260 _c1998
365 _a
365 _b170
856 _uhttp://www.taylorfrancis.com/books/9781315810041
942 _cEBOOK
999 _c1806460
_d1806460